serun
ՀԱՅ ԳԻՐՔ = Armenian Book

Հայոց լեզու : (Record no. 165552)

000 -LEADER
fixed length control field nam a22 a 4500
003 - CONTROL NUMBER IDENTIFIER
control field AM-YeNLA
005 - DATE AND TIME OF LATEST TRANSACTION
control field 20251218160843.0
007 - PHYSICAL DESCRIPTION FIXED FIELD--GENERAL INFORMATION
fixed length control field ta
008 - FIXED-LENGTH DATA ELEMENTS--GENERAL INFORMATION
fixed length control field 251218s2025 ai ||||fr|||||000|0|arm||
020 ## - INTERNATIONAL STANDARD BOOK NUMBER
International Standard Book Number 978-9939-79-275-0
040 ## - CATALOGING SOURCE
Language of cataloging arm
Transcribing agency AM-YeNLA
041 0# - LANGUAGE CODE
Language code of text/sound track or separate title arm
100 1# - MAIN ENTRY--PERSONAL NAME
Personal name Մարտիրոսյան, Անահիտ Թորոսի
245 10 - TITLE STATEMENT
Title Հայոց լեզու :
Remainder of title ՕՈւԲ-ի հայալեզու նախապատրաստական խմբերի համար : Ուսումնական ձեռնարկ /
Statement of responsibility, etc. Ա.Թ. Մարտիրոսյան ; Հայաստանի Հանրապետության կրթության, գիտության, մշակույթի և սպորտի նախարարություն ; Հայաստանի ազգային պոլիտեխնիկական համալսարան ; Լեզուների գիտակրթական կենտրոն, Հայոց լեզվի ամբիոն.
260 ## - PUBLICATION, DISTRIBUTION, ETC. (IMPRINT)
Place of publication, distribution, etc. Երևան :
Name of publisher, distributor, etc. Ճարտարագետ,
Date of publication, distribution, etc. 2025.
300 ## - PHYSICAL DESCRIPTION
Extent 164 էջ ;
Dimensions 21 սմ.
504 ## - BIBLIOGRAPHY, ETC. NOTE
Bibliography, etc Օգտագործված գրականության ցանկ՝ էջ 161-162։
650 14 - SUBJECT ADDED ENTRY--TOPICAL TERM
Topical term or geographic name as entry element Հայոց լեզու
General subdivision Ուսումնական ձեռնարկներ
710 2# - ADDED ENTRY--CORPORATE NAME
Corporate name or jurisdiction name as entry element Հայաստանի ազգային պոլիտեխնիկական համալսարան :
Subordinate unit Լեզուների գիտակրթական կենտրոն :
-- Հայոց լեզվի ամբիոն
942 ## - ADDED ENTRY ELEMENTS (KOHA)
Source of classification or shelving scheme
Koha item type Books
Holdings
Withdrawn status Lost status Source of classification or shelving scheme Damaged status Not for loan Permanent Location Current Location Date acquired Inventory number Date last seen Price effective from Koha item type
          National Library of Armenia National Library of Armenia 2025-12-18 ՀԱԳ 2025-12-18 2025-12-18 Books

Հայաստանի ազգային գրադարան ՀՀ, 0009,Երևան, Տերյան 72
Հետադարձ կապ